Panduan mengguna ubat
| Main Authors: | , |
|---|---|
| Format: | Book |
| Published: |
Kuala Lumpur :
Dewan Bahasa dan Pustaka ,
1989
|
| Subjects: |
MARC
| LEADER | 00000cam a2200000 7i4500 | ||
|---|---|---|---|
| 001 | 0000008947 | ||
| 005 | 20190731093000.0 | ||
| 008 | 021119s1989 | ||
| 020 | |a 9836211373 | ||
| 090 | 0 | 0 | |a RM101 |b .M6 1989 |
| 100 | 0 | |a Muhammad Baidi Bahari , |e author | |
| 245 | 0 | 0 | |a Panduan mengguna ubat |c Mohd Baidi bin Bahari, Rahmat bin Awang |
| 260 | 2 | |a Kuala Lumpur : |b Dewan Bahasa dan Pustaka , |c 1989 | |
| 300 | |a xv, 108 ms. ; ; |c 19 sm. | ||
| 504 | |a Mengandungi indeks | ||
| 650 | 0 | |a Therapeutics | |
| 700 | 0 | |a Rahmat Awang , |e author | |
| 999 | |a 1000036648 |b Book |c OPEN SHELF (30 DAYS) |e Gong Badak Campus | ||